Combat Actions in Korea (Record no. 551895)

000 -LEADER
fixed length control field 00573nam a2200181 a 4500
082 ## - DEWEY DECIMAL CLASSIFICATION NUMBER
Classification number 951.9042
Author Mark GUG
-- L-30, P-107
100 1# - MAIN ENTRY--PERSONAL NAME
Personal name Gugelar, Russell A.
9 (RLIN) 49061
245 1# - TITLE STATEMENT
Title Combat Actions in Korea
260 ## - PUBLICATION, DISTRIBUTION, ETC.
Place of publication, distribution, etc. Islamabad :
Name of publisher, distributor, etc. Pringting Corporation of Pakistan ,
Date of publication, distribution, etc. 19-?
300 ## - PHYSICAL DESCRIPTION
Extent 260p.
526 ## - STUDY PROGRAM INFORMATION NOTE
Program name 0
Interest level 0
Reading level 0
Title point value 951_904200000000000_GUG
526 ## - STUDY PROGRAM INFORMATION NOTE
Program name 0
Interest level 0
Reading level 0
Title point value 951_904200000000000_GUG
526 ## - STUDY PROGRAM INFORMATION NOTE
Program name 0
Interest level 0
Reading level 0
Title point value 951_904200000000000_GUG
526 ## - STUDY PROGRAM INFORMATION NOTE
Program name 0
Interest level 0
Reading level 0
Title point value 951_904200000000000_GUG
650 #0 - SUBJECT ADDED ENTRY--TOPICAL TERM
Topical term or geographic name entry element Cambat -- Handbooks -- Korea
9 (RLIN) 49062
650 #0 - SUBJECT ADDED ENTRY--TOPICAL TERM
Topical term or geographic name entry element MCE
9 (RLIN) 379
942 ## - ADDED ENTRY ELEMENTS (KOHA)
Source of classification or shelving scheme
Koha item type Book
Holdings
Withdrawn status Lost status Source of classification or shelving scheme Damaged status Not for loan Permanent Location Current Location Date acquired Total Checkouts Full call number Barcode Date last seen Price effective from Koha item type
          Military College of Engineering (MCE) Military College of Engineering (MCE) 01/01/2015   951.9042 GUG MCE-3632 01/01/2015 01/01/2015 Book
          Military College of Engineering (MCE) Military College of Engineering (MCE) 01/01/2015   951.9042 GUG MCE-5370 01/01/2015 01/01/2015 Book
          Military College of Engineering (MCE) Military College of Engineering (MCE) 01/01/2015   951.9042 GUG MCE-5371 01/01/2015 01/01/2015 Book
          Military College of Engineering (MCE) Military College of Engineering (MCE) 01/01/2015   951.9042 GUG MCE-5369 01/20/2020 01/01/2015 Book
© 2023 Central Library, National University of Sciences and Technology. All Rights Reserved.